Úvod a texty ke studiu masových médií

Bibliographic Details
Main Author: Šmíd, Milan (Author)
Format: Book
Language:Czech
PhysicalDescription:164, [1] s. 29 cm
Published: Praha Karolinum 1992
ISBN:807066567X
Edition:1. vyd.

MARC

LEADER 00000nam a2200000 a 4500
001 vtls001133909
003 SK-MaSNL
005 20260301153815.0
008 250414s1992 CS 0 cze
020 |a 807066567X 
035 |a SNK000076761 
040 |a SNK  |b slo  |c SNK  |e AACR2 
041 0 |a cze 
044 |a [CS] 
080 |a 659.3(075.8)  |2 1981 
100 1 |a Šmíd, Milan  |4 aut  |9 515794 
245 1 0 |a Úvod a texty ke studiu masových médií  |c Milan Šmíd 
250 |a 1. vyd. 
260 |a Praha  |b Karolinum  |c 1992 
300 |a 164, [1] s.  |c 29 cm 
852 |a Slovenská národná knižnica 
919 |a 80-7066-567-X 
954 |a poviedky masovokomunikačné 
999 |c 794539  |d 796469 
952 |t P60, <04>, [BOOK], {604}  |a SNK  |b SNK  |y VYP  |7 0  |p 17A0210344  |o snkIB 67389  |0 0  |1 0  |4 0  |d 1999-09-16  |l 0  |r 2005-01-01 00:00:00  |w 2026-02-24